000 00567nam a2200193Ia 4500
008 140626s9999 xx 000 0 und d
100 _aSebastian, Sherly.
245 2 _aA case of Guillain-Barre syndrome in a primary care setting
_cSherly Sebastian
260 _cc2012.
300 _a8 : 8, page 643
440 _aThe Journal for Nurse Practitioners (JNP)
521 _aNUR
650 _aAscending weakness.
650 _aImmune responses.
650 _aPeripheral neuropathy.
650 _aRespiratory failure.
650 _aSensory loss.
942 _cSE
999 _c121437
_d121437